00672nam a2200241 a 4500001001300000003000900013005001700022008004100039020000900080082001700089100002100106245002500127260003000152300000800182500003500190505001300225650002500238700002100263902000800284942000700292952011600299999001500415nice12345678IN_TiNIC20260116012451.0050524s1976 dela grp 000 0 urd  ac2000a201.65bKHA1 aKhan, Ihsanullah aScience Aur Ijtehad. aDelhibIlmi Majalisc1976 a71p aincludes index and biblioraphy2 aAppendix aReligion and Science1 aKhan, Ihsanullah bSRS cBK 001040708StackRoom-aHMIbHMId2011-04-06g20.00l0o201.65 KHA1p011640r2011-04-06v20.00w2005-05-24yBK c7136d7136